=LDR 00000nam 2200000 4500 =001 INLIS000000000020066 =005 20130612115046 =008 ***********************************Ind** =035 ##$$0010-061300000020066 =041 ##$$a Ind =082 ##$$a 800 =090 ##$$a 800, Pra e =100 ##$$a Prasetyo, Arif Bagus =245 ##$$a Epifenomenon, telaah sastra terpilih, Arif Bagus Prasetyo ; editor, Binhad Nurrohmat =260 ##$$a 2005 $b Jakarta =300 ##$$a xvi, 208 hlm, 21 cm =650 ##$$a Kesusastraan =850 ##$$a NBPNMAT